000 01391nam a2200361 i 4500
005 20220317000225.0
007 ta
008 210802r20102019ck a0 scr 0j 00s fdspa d
020 _a9789587051643
040 _aCO-BoRNBP
_bspa
_erda
_cCO-BoRNBP
041 0 _aspa
043 _as-ck---
084 _aN DIA1
100 1 _aDíaz Ortiz, Gloria Cecilia
_d1951-
_eautora
245 1 3 _aEl valle de los cocuyos
_cGloria Cecilia Díaz ; ilustrado por Claudia Rueda
250 _aSegunda edición
_bDecima reimpresion
264 1 _aBogotá
_bEdiciones SM
_c2010
_c2013
_c2019
300 _a79 páginas
_bilustraciones
_c19 cm
336 _atexto
_btxt
_2rdacontent
337 _asin mediación
_bn
_2rdamedia
338 _avolumen
_bnc
_2rdacarrier
490 _aEl barco de vapor. Naranja
521 _aRecomendado para un público mayor de 12 años
545 _aIncluye datos biográficos de la autora al final del texto
586 _aAutora galardonada con el Premio Barco de Vapor, 1985. II Premio Iberoamericano SM de Literatura Infantil y Juvenil, 2006
650 1 7 _aNovela juvenil colombiana
_ySiglo XX
_2LEMB
650 1 7 _aLiteratura juvenil colombiana
_ySiglo XX
_2LEMB
650 1 7 _aAutores colombianos
_ySiglo XX
_2LEMB
650 1 7 _aFantasía
_vNovela
_2LEMB
650 1 7 _aHistorias de aventuras
_vNovela
_2LEMB
700 1 _aRueda, Claudia,
_eilustrador
_91316
942 _2loc
_cBKLIT
999 _c3447
_d3447